000 00738nam a2200289Ia 4500
005 20260324115146.0
008 008 260324s9999 xx 000 0 eng d
020 _a9780429429118
037 _aEBOOK
040 _aCRL
040 _beng
040 _cCRL
041 _2eng
041 _aeng
084 _qCRL
100 _aDaniel Bloom
_91144135
245 0 _aReality, Perception, and Your Company's Workplace Culture
245 0 _bCreating a New Normal for Problem Solving and Change Management
260 _bTaylor and Francis
260 _c2019
365 _a
365 _b150
856 _uhttp://www.taylorfrancis.com/books/9780429429118
942 _cEBOOK
999 _c1744262
_d1744262